000 00509cam a2200205ua 4500
001 8129
005 20260515114310.0
008 150109n ii |||gr||||Z||||||hin
040 _cMAIN
041 _ahin
082 _a891.432
100 _aPrasad, J. S.,
_eAuthor.
245 1 _aSwkanadagupta Vikramaditya
_cBy Jay Shankar Prasad
250 _a1st.
260 _aVaranasi:
_bPrasad,
_c1986.
300 _a162p.
653 _aEast Indo-European & Celtic literatures
653 _aHindi drama
942 _cBK
999 _c7239
_d7239